| 000 | 00753nam a2200229 a 4500 | ||
|---|---|---|---|
| 999 |
_c10860 _d10860 |
||
| 001 | 10860 | ||
| 003 | BD-JhCC | ||
| 005 | 20200216134007.0 | ||
| 008 | 190522b20072014bg |||| ||a| 000 0 ben d | ||
| 020 | _a9848740201 | ||
| 035 | _a(BD-JhCC)10860 | ||
| 040 |
_aBD-JhCC _dBD-JhCC |
||
| 041 | _aben | ||
| 082 |
_a891.3 _bBAN 2014 |
||
| 245 |
_aবাংলার সেরা সায়েন্স ফিকশন / _cসম্পাদনায় হাসান খুরশীদ রুমী |
||
| 260 |
_aঢাকা, _bঅনিন্দ্য প্রকাশ; _c2014. |
||
| 300 |
_a159 p. : _c22 cm. |
||
| 650 | _aBengali fiction | ||
| 700 | _aরুমী, হাসান খুরশীদ | ||
| 942 |
_2ddc _cBK _01 |
||